000 00291nam a2200121Ia 4500
005 20251222142020.0
008 251222s9999||||xx |||||||||||||| ||spa||
082 _a869.001/M42
100 _aMenton, Seymour
245 0 _aEl Cuento Hispanoamericano:
264 _bBuenos Aires
942 _cLIB
999 _c10603
_d10603